00824 2200181 4500001002100000005001500021035002000036245014600056100000800202250001000210300001100220260003700231082000800268084001400276020002200290650001400312520031600326INLIS00000000000012120210222121319 a0010-02210000941 aPanduan Budidaya Sukun Tanaman Pangan Alternatif :bBuah Yang dijuluki Bread Fruit Agroindustri Sukun dan Aneka Olahannya /cTim Agro Mandiri0 aPan acet.1 a84hal. asurakarta :bVisi Mandiri,c2017 a634 a634 PAN p a978-602-317-273-3 4aPertanian aSukun sebagai sumber karbohidrat pengganti beras memberikan harapan di masa depan, mengingat budi daya tanaman sukun tidak memerlukan lahan beririgasi dan input produksi berupa pemupukan, dan pestisida minimal, sehingga dapat dikatakan tanaman dengan input rendah namun tetap berproduksi dua kali dalam setahun.